1581 1421 1132 1692 1419 1127 1934 1550 1546 1642 1074 1600 1360 1856 1761 1086 1986 1397 1532 1337 1827 1879 1636 1056 1890 1317 1998 1172 1058 1063 1004 1161 1658 1108 1648 1142 1910 1235 1449 1728 1991 1303 1963 1344 1503 1841 1559 1498 1560 1407 1051 1682 1570 1506 1209 1359 1278 1186 1138 1261 1939 1149 1103 1714 1253 1871 1671 1265 1470 1260 1004 1878 1282 1524 1594 1061 1888 1030 1858 1654 1866 1417 1077 1778 1453 1226 1658 1742 1168 1360 1050 1295 1632 1929 1070 1601 1106 1473 1700 BCNSPRNW ULIB Ver.6.0+V

เปลี่ยนเป็นภาษาไทย

Change to English
 แสดงรายละเอียดบรรณานุกรม
  กลับหน้าหลัก

Brief Record : Get Marc (ISO 2709) : E-mail record : QR code < ปิดหน้าต่าง
LEADER : 00000nam 2200000uu 4500
001    13399125262
003     ULIB
008    161207s2559||||th 000 0 tha d
060  0 ^aWA546 ส873ก
100 0  ^aรองศาสตราจารย์ ดร.สุวรรณา จันทร์ประเสริฐ ,ผู้ช่วยศาสตราจารย์ ดร.สมสมัย รัตนกรีฑากุลและ,ผู้ช่วยศาสตราจารย์ ดร.นิสากร กรุงไกรเพชร
110 1  ^aสำนักงานสนับสนุนการพัฒนาระบบสุขภาพ^bสำนักงานกองทุนสนับสนุนการสร้างเสริมสุขภาพ
245 00 ^aชุดการเรียนรู้ที่ 7 การสร้างเสริมความเข้มแข็งของชุมชน =^bStrengthening Community /^cรองศาสตราจารย์ ดร.สุวรรณา จันทร์ประเสริฐ ,ผู้ช่วยศาสตราจารย์ ดร.สมสมัย รัตนกรีฑากุลและ,ผู้ช่วยศาสตราจารย์ ดร.นิสากร กรุงไกรเพชร
250    ^aพิมพ์ครั้งที่ 1
260    ^aนนทบุรี:^bบริษัท มาตา การพิมพ์ จำกัด,^c2559
300    ^a54หน้า:^bตาราง;^c29ซม.
650  0 ^aการสร้างเสริม^bความเข้มแข็ง
700 0  ^aการเรียนรู้^bชุมชน
710 1  ^aสำนักสนับสนุนการพัฒนาระบบสุขภาพ^bสำนักงานกองทุนสนับสนุนการสร้างเสริมสุขภาพ
945    ^p0^l0^i001572
999    ^aวรรณษา ชูชัยมงคล
รายการนี้ยังไม่มีแท็ก
คุณยังไม่ได้ล็อกอิน คุณสามารถมีกิจกรรมร่วมกับเว็บไซต์ได้ แต่ต้องล็อกอินก่อน ::
  ล็อกอิน

รายการสื่อสารสนเทศ

ลำดับที่ ประเภท เลขเรียก/บาร์โค้ด สถานที่ สถานะ
1. การศึกษาทั่วไป
การศึกษาทั่วไป
สถานะ=หนังสือเก่า
WA546 ส873ก ฉ.1 
  Barcode: 001572
ห้องสมุดวิทยาเขตสวรรค์ประชารักษ์
►ส่วนจัดเก็บหนังสือเก่า สปร
บนชั้น
  ขอยืม

BibComment


ยังไม่เคยถูกคอมเมนท์

คอมเมนท์ทรัพยากรรายการนี้
  คอมเมนท์: ชุดการเรียนรู้ที..


 Copyright 2026. Bcnsprnw @Library